Départements Limitrophes de La Corrèze - Statistiques

Statistiques générales
  • Ce quiz a été pris 98 fois
  • Le résultat moyen est 6 sur 6
Statistiques - réponses
Départements % Correct
Creuse
99%
Dordogne
98%
Lot
98%
Haute-Vienne
96%
Cantal
93%
Puy-de-Dôme
91%
Aucun quiz correspondant
Distribution des résultats
% des personnes avec chaque résultat
Percentile par nombre de réponses
Votre historique - résultats
Vous n’avez pas pris ce quiz